| 000 | 004440000a22001810004500 | ||
|---|---|---|---|
| 999 |
_c49274 _d49274 |
||
| 001 | 2127 | ||
| 003 | CO-MdFUSB | ||
| 005 | 20180709150251.0 | ||
| 008 | 180709b xxu||||| |||| 00| 0 eng d | ||
| 040 | _cCO-MdBIC | ||
| 082 | 0 | 4 | _a152 Id1et |
| 100 | 1 | _aIdárraga B, Carlos | |
| 245 | 1 | 0 | _aManual de estimulación temprana / Carlos Idárraga B. |
| 260 | _a:Tecnoquimicas | ||
| 300 | _a20 p. | ||
| 650 | 1 | 4 | _aManual de educación |
| 942 | _cLGB | ||